000 00568npc a2200205Ia 4500
001 ist225-46034
003 IT-MiCISF
008 161014s9999||||xx | und||
040 _aIT-MiCISF
_cIT-MiCISF
041 _ait
100 _aAA.VV.
245 0 _aI consumi delle famiglie
_bAnno 2006
250 _a1a ed.
260 _a Roma
_bIstat
_c2008
300 _app. 122
500 _acontiene cd-rom - in appendice: glossario e qustionari dell'indagine / famiglia, consumi, statistica /
650 _afamiglia
942 _cDD
957 _71
999 _a46034
_bsi
_g1
_c206227
_d206227